[Event "Edmonton Summer op"]
[Site "Edmonton CAN"]
[Date "2008.06.19"]
[Round "3"]
[White "Sequillion, Aaron"]
[Black "Wihnon, Jason"]
[Result "1-0"]
[WhiteElo "1885"]
[BlackElo "1762"]
[PlyCount "107"]
[GameId "2160767910350948"]
[EventDate "2008.05.06"]
[EventType "swiss"]
[EventRounds "4"]
[EventCountry "CAN"]
[SourceTitle "EXT 2011"]
[Source "ChessBase"]
[SourceDate "2011.11.26"]
[SourceVersion "1"]
[SourceVersionDate "2011.11.26"]
[SourceQuality "1"]

1. d4 Nf6 2. c4 g6 3. Nc3 d5 4. cxd5 Nxd5 5. Bd2 Bg7 6. e4 Nb6 7. Be3 O-O 8. Qd2 Nc6 9. Rd1 Bd7 10. Nf3 Bg4 11. Be2 Bxf3 12. Bxf3 Nc4 13. Qe2 Nxe3 14. fxe3 e6 15. O-O Ne7 16. e5 c6 17. Ne4 Nc8 18. Nc5 Qc7 19. Bg4 Nb6 20. Ne4 Qe7 21. Nf6+ Kh8 22. e4 c5 23. Qf2 cxd4 24. Qh4 h6 25. Rf3 Qc5 26. Qg3 Bxf6 27. exf6 d3+ 28. Kh1 d2 29. Qf4 Qg5 30. Qg3 Nc4 31. h4 Qe5 32. b3 Qxg3 33. Rxg3 Ne5 34. Rxd2 Nxg4 35. Rxg4 Rfd8 36. Rxd8+ Rxd8 37. e5 b5 38. Rb4 Rd5 39. a4 a6 40. axb5 axb5 41. Re4 Kg8 42. Re3 Kf8 43. Rc3 Ke8 44. Rc8+ Kd7 45. Rf8 Rxe5 46. Rxf7+ Kd6 47. Rg7 g5 48. Rh7 gxh4 49. Rxh6 Rf5 50. Kh2 e5 51. f7+ Ke7 52. Rxh4 Rf4 53. Rxf4 exf4 54. Kh3 1-0

[Event "Edmonton Summer op"]
[Site "Edmonton CAN"]
[Date "2008.06.19"]
[Round "3"]
[White "Sponga, George"]
[Black "McKay, Arnold"]
[Result "0-1"]
[WhiteElo "1601"]
[BlackElo "1839"]
[PlyCount "84"]
[GameId "2160767910350949"]
[EventDate "2008.05.06"]
[EventType "swiss"]
[EventRounds "4"]
[EventCountry "CAN"]
[SourceTitle "EXT 2011"]
[Source "ChessBase"]
[SourceDate "2011.11.26"]
[SourceVersion "1"]
[SourceVersionDate "2011.11.26"]
[SourceQuality "1"]

1. e4 c5 2. Nc3 d6 3. Bc4 Nc6 4. a3 Nf6 5. h3 a6 6. d3 e6 7. Bg5 Be7 8. Ba2 Qb6 9. Rb1 Bd7 10. Be3 Qc7 11. Bf4 b5 12. Nce2 Nh5 13. Bh2 Nf6 14. f4 Qa5+ 15. c3 b4 16. a4 bxc3 17. Nxc3 Nb4 18. Bb3 Rb8 19. Bc2 Bc6 20. Nf3 O-O 21. O-O Qb6 22. Kh1 Nxc2 23. Qxc2 Qb4 24. Nd2 d5 25. f5 Rbd8 26. e5 Nd7 27. f6 gxf6 28. exf6 Bxf6 29. Rf4 Qb7 30. Rbf1 Bg7 31. Rg4 f5 32. Rg3 Kh8 33. Nf3 Rf6 34. Nh4 Rh6 35. Nf3 d4 36. Ne2 e5 37. Neg1 Rf8 38. Qe2 e4 39. Ne1 Nb6 40. Rg5 Rhf6 41. Be5 R6f7 42. Bd6 exd3 0-1

[Event "Edmonton Summer op"]
[Site "Edmonton CAN"]
[Date "2008.06.19"]
[Round "3"]
[White "Stark, Mark"]
[Black "Pedersen, Rick"]
[Result "1/2-1/2"]
[WhiteElo "1959"]
[BlackElo "1880"]
[PlyCount "104"]
[GameId "2160767910350950"]
[EventDate "2008.05.06"]
[EventType "swiss"]
[EventRounds "4"]
[EventCountry "CAN"]
[SourceTitle "EXT 2011"]
[Source "ChessBase"]
[SourceDate "2011.11.26"]
[SourceVersion "1"]
[SourceVersionDate "2011.11.26"]
[SourceQuality "1"]

1. d4 g6 2. c4 Bg7 3. Nc3 Nf6 4. e4 d6 5. Nf3 O-O 6. Be2 e5 7. O-O Nc6 8. d5 Ne7 9. b4 a5 10. bxa5 Nd7 11. a4 f5 12. Ng5 Nc5 13. Ba3 h6 14. Bxc5 hxg5 15. Bb4 Kf7 16. f3 Rh8 17. Nb5 Ng8 18. c5 Bf8 19. cxd6 Bxd6 20. Qb3 Nf6 21. Rac1 Ne8 22. Rc3 Kf8 23. Rfc1 Rh7 24. Qa3 g4 25. Nxd6 cxd6 26. fxg4 fxg4 27. g3 Kg8 28. Bb5 Nf6 29. Re3 Bd7 30. Bxd6 Bxb5 31. axb5 Rxa5 32. Rc8 Qxc8 33. Qxa5 b6 34. Qc3 Qe8 35. Bxe5 Nd7 36. Bd4 Qf8 37. Re2 Rf7 38. Rf2 Rxf2 39. Bxf2 Qe7 40. Qc4 Ne5 41. Qc8+ Kh7 42. Bxb6 Nf3+ 43. Kg2 Qxe4 44. Qc7+ Kg8 45. Qd8+ Kg7 46. Qc7+ Kg8 47. Qd8+ Kg7 48. Qc7+ Kh8 49. Qf4 Qe2+ 50. Bf2 Ne1+ 51. Kg1 Nf3+ 52. Kg2 Ne1+ 1/2-1/2

[Event "Edmonton Summer op"]
[Site "Edmonton CAN"]
[Date "2008.06.26"]
[Round "4"]
[White "Borger, Rocky"]
[Black "Reichert, Wayne"]
[Result "1-0"]
[WhiteElo "1332"]
[BlackElo "1186"]
[PlyCount "83"]
[GameId "2160767910350952"]
[EventDate "2008.05.06"]
[EventType "swiss"]
[EventRounds "4"]
[EventCountry "CAN"]
[SourceTitle "EXT 2011"]
[Source "ChessBase"]
[SourceDate "2011.11.26"]
[SourceVersion "1"]
[SourceVersionDate "2011.11.26"]
[SourceQuality "1"]

1. e4 c5 2. f4 d6 3. Nf3 Nc6 4. Nc3 e6 5. b3 a6 6. a4 Nf6 7. d4 cxd4 8. Nxd4 Bd7 9. Nde2 Be7 10. Ng3 Qc8 11. Nce2 O-O 12. Bd2 Re8 13. Ra2 a5 14. Qa1 b6 15. Bc3 Nb4 16. Bxb4 axb4 17. Nd4 e5 18. Ndf5 Bf8 19. fxe5 dxe5 20. Bc4 g6 21. Ne3 Bc5 22. Qc1 Bd4 23. O-O Qc5 24. Re1 Ng4 25. Ngf1 Bc6 26. Bd3 Nxe3 27. Nxe3 Bd7 28. Kh1 Rf8 29. Nd5 Bf2 30. Qh6 Qd6 31. Rf1 Bc5 32. Nf6+ Qxf6 33. Rxf6 Be6 34. Ra1 Be7 35. Rf3 Rfe8 36. Rg1 Bf8 37. Qh4 Ra7 38. Qg5 Bg7 39. Rf6 Bxf6 40. Qxf6 Ra5 41. g4 Bd7 42. h4 1-0

[Event "Edmonton Summer op"]
[Site "Edmonton CAN"]
[Date "2008.06.26"]
[Round "4"]
[White "Hughey, Micah"]
[Black "Razzaq, Ali"]
[Result "1-0"]
[WhiteElo "2187"]
[BlackElo "1874"]
[PlyCount "75"]
[GameId "2160767910350953"]
[EventDate "2008.05.06"]
[EventType "swiss"]
[EventRounds "4"]
[EventCountry "CAN"]
[SourceTitle "EXT 2011"]
[Source "ChessBase"]
[SourceDate "2011.11.26"]
[SourceVersion "1"]
[SourceVersionDate "2011.11.26"]
[SourceQuality "1"]

1. e4 c6 2. d4 d5 3. exd5 cxd5 4. c4 Nf6 5. Nc3 Nc6 6. Nf3 Bg4 7. cxd5 Nxd5 8. Qb3 Nb6 9. Ne5 Nxe5 10. dxe5 g6 11. Bb5+ Bd7 12. e6 fxe6 13. Qxe6 Bg7 14. Bd2 Rc8 15. O-O Bxb5 16. Nxb5 Qd5 17. Qxc8+ Nxc8 18. Nc7+ Kf7 19. Nxd5 Rd8 20. Nxe7 Nxe7 21. Bc3 Bxc3 22. bxc3 Rd2 23. Rfd1 Rc2 24. Rd7 Kf6 25. Rxb7 Nc6 26. Rxh7 a5 27. Rc7 Rxc3 28. Rd1 Ke6 29. h4 a4 30. Rd8 a3 31. Rdc8 Kd6 32. Rxc6+ Rxc6 33. Rxc6+ Kxc6 34. Kf1 Kd5 35. Ke2 Kc4 36. Kd2 Kd4 37. f3 Kc4 38. g4 1-0

[Event "Edmonton Summer op"]
[Site "Edmonton CAN"]
[Date "2008.06.26"]
[Round "4"]
[White "Mendryk, Wayne"]
[Black "Seehagen, Terry"]
[Result "1/2-1/2"]
[WhiteElo "1380"]
[BlackElo "1637"]
[PlyCount "65"]
[GameId "2160767910350954"]
[EventDate "2008.05.06"]
[EventType "swiss"]
[EventRounds "4"]
[EventCountry "CAN"]
[SourceTitle "EXT 2011"]
[Source "ChessBase"]
[SourceDate "2011.11.26"]
[SourceVersion "1"]
[SourceVersionDate "2011.11.26"]
[SourceQuality "1"]

1. d4 Nf6 2. c4 e5 3. dxe5 Ng4 4. Nf3 Bc5 5. e3 Nc6 6. Nc3 O-O 7. Be2 b6 8. O-O Bb7 9. Ne4 Qe7 10. Nxc5 Qxc5 11. h3 Ngxe5 12. a3 a5 13. b3 Rae8 14. Bb2 Qe7 15. Nxe5 Nxe5 16. Bxe5 Qxe5 17. Bf3 Bxf3 18. Qxf3 Qc3 19. Qd1 a4 20. Rb1 d6 21. Re1 Ra8 22. Qc1 Qxc1 23. Rexc1 axb3 24. Rxb3 Rfe8 25. Kf1 Re5 26. Ke2 Rc5 27. Rcc3 Ra4 28. Kd3 Rg5 29. g3 h5 30. Rb5 Ra5 31. Rxg5 Rxg5 32. e4 Kf8 33. Ke3 1/2-1/2

[Event "Edmonton Summer op"]
[Site "Edmonton CAN"]
[Date "2008.06.26"]
[Round "4"]
[White "Pedersen, Rick"]
[Black "Wu, Allan"]
[Result "1-0"]
[WhiteElo "1880"]
[BlackElo "1879"]
[PlyCount "61"]
[GameId "2160767910350955"]
[EventDate "2008.05.06"]
[EventType "swiss"]
[EventRounds "4"]
[EventCountry "CAN"]
[SourceTitle "EXT 2011"]
[Source "ChessBase"]
[SourceDate "2011.11.26"]
[SourceVersion "1"]
[SourceVersionDate "2011.11.26"]
[SourceQuality "1"]

1. e4 c5 2. Nc3 Nc6 3. Nf3 g6 4. d4 cxd4 5. Nxd4 Bg7 6. Be3 Nf6 7. Nxc6 bxc6 8. e5 Nd5 9. Nxd5 cxd5 10. Qxd5 Rb8 11. Bc4 O-O 12. f4 Bb7 13. Qd2 d6 14. O-O dxe5 15. Qf2 Qc7 16. Bb3 Ba6 17. Rfe1 Rb7 18. Rad1 e6 19. Bc5 Rd8 20. Rxd8+ Qxd8 21. fxe5 Rd7 22. Bb4 Bh6 23. Bd6 Bg7 24. Ba4 Rb7 25. b3 Qa5 26. Bc6 Rb6 27. Bc7 Bxe5 28. Rxe5 Qc3 29. Bxb6 Qxe5 30. Bd4 Qd6 31. Qf6 1-0

[Event "Edmonton Summer op"]
[Site "Edmonton CAN"]
[Date "2008.06.26"]
[Round "4"]
[White "Stark, Mark"]
[Black "Laboucane, Randy"]
[Result "1-0"]
[WhiteElo "1959"]
[BlackElo "1754"]
[PlyCount "61"]
[GameId "2160767910350957"]
[EventDate "2008.05.06"]
[EventType "swiss"]
[EventRounds "4"]
[EventCountry "CAN"]
[SourceTitle "EXT 2011"]
[Source "ChessBase"]
[SourceDate "2011.11.26"]
[SourceVersion "1"]
[SourceVersionDate "2011.11.26"]
[SourceQuality "1"]

1. d4 Nf6 2. c4 e6 3. Nf3 b6 4. g3 Bb7 5. Bg2 Be7 6. O-O O-O 7. Nc3 d5 8. Ne5 c6 9. e4 Nxe4 10. Nxe4 dxe4 11. Bxe4 g6 12. Bh6 Re8 13. Qf3 f5 14. Rad1 Bf6 15. Bc2 Qe7 16. Qe2 Nd7 17. f4 Rad8 18. Ba4 Nb8 19. a3 Rd6 20. Rfe1 Red8 21. Nf3 a6 22. b4 Qc7 23. c5 bxc5 24. bxc5 Bxd4+ 25. Nxd4 Rxd4 26. Rxd4 Rxd4 27. Qxe6+ Qf7 28. Qxf7+ Kxf7 29. Bb3+ Rd5 30. Bxd5+ cxd5 31. Rb1 1-0

[Event "Edmonton Summer op"]
[Site "Edmonton CAN"]
[Date "2008.06.26"]
[Round "4"]
[White "Thompson, Peter"]
[Black "Reuter, Gerhard"]
[Result "1-0"]
[WhiteElo "1760"]
[BlackElo "1683"]
[PlyCount "41"]
[GameId "2160767910350958"]
[EventDate "2008.05.06"]
[EventType "swiss"]
[EventRounds "4"]
[EventCountry "CAN"]
[SourceTitle "EXT 2011"]
[Source "ChessBase"]
[SourceDate "2011.11.26"]
[SourceVersion "1"]
[SourceVersionDate "2011.11.26"]
[SourceQuality "1"]

1. e4 c5 2. Nf3 d6 3. d4 cxd4 4. Nxd4 Nf6 5. Nc3 a6 6. f3 e6 7. a4 Be7 8. Bc4 Nc6 9. O-O Qc7 10. Be3 O-O 11. Kh1 Bd7 12. Ba2 Nb4 13. f4 Nxa2 14. Rxa2 Qc4 15. Ra1 b5 16. axb5 axb5 17. Qf3 b4 18. Rxa8 Rxa8 19. e5 Nd5 20. Nf5 Bc6 21. Nxd5 1-0

[Event "Edmonton Summer op"]
[Site "Edmonton CAN"]
[Date "2008.06.26"]
[Round "4"]
[White "Yamach, Ahmet"]
[Black "McKay, Arnold"]
[Result "1/2-1/2"]
[WhiteElo "1929"]
[BlackElo "1849"]
[PlyCount "106"]
[GameId "2160767910350959"]
[EventDate "2008.05.06"]
[EventType "swiss"]
[EventRounds "4"]
[EventCountry "CAN"]
[SourceTitle "EXT 2011"]
[Source "ChessBase"]
[SourceDate "2011.11.26"]
[SourceVersion "1"]
[SourceVersionDate "2011.11.26"]
[SourceQuality "1"]

1. c4 c5 2. g3 Nc6 3. Bg2 e6 4. Nc3 Nf6 5. d3 Be7 6. e4 d6 7. f4 e5 8. Nf3 exf4 9. Bxf4 O-O 10. O-O Bg4 11. Qd2 Bxf3 12. Bxf3 Nd4 13. Bg2 Qd7 14. Be3 Nc6 15. Kh1 Ne5 16. Bf4 Neg4 17. h3 Ne5 18. Bxe5 dxe5 19. Nd5 Bd8 20. Kh2 Rc8 21. Bf3 Rc6 22. a3 Ne8 23. Bg4 Qd6 24. b4 Ra6 25. b5 Ra5 26. a4 b6 27. Rf5 Nc7 28. Nxc7 Qxc7 29. Qc3 Bf6 30. Bd1 Qe7 31. Bc2 Rd8 32. Raf1 Rd6 33. Qd2 a6 34. bxa6 Rxa6 35. Qf2 Ra7 36. Kg2 Bg5 37. h4 Bh6 38. Qe2 f6 39. Rh5 Re6 40. Rhf5 g6 41. R5f2 Ra8 42. Qg4 Kh8 43. Qf3 Rf8 44. Qg4 Rg8 45. Kh2 f5 46. exf5 gxf5 47. Qxf5 Bf4 48. Rxf4 exf4 49. Qxf4 Re2+ 50. Rf2 Rf8 51. Qxf8+ Qxf8 52. Rxe2 Qf1 53. Rg2 Qe1 1/2-1/2

[Event "Edmonton Summer op"]
[Site "Edmonton CAN"]
[Date "2008.06.26"]
[Round "4"]
[White "Zeggelaar, Mike"]
[Black "Sekuloff, Mike"]
[Result "1-0"]
[WhiteElo "1678"]
[BlackElo "1614"]
[PlyCount "67"]
[GameId "2160767910350960"]
[EventDate "2008.05.06"]
[EventType "swiss"]
[EventRounds "4"]
[EventCountry "CAN"]
[SourceTitle "EXT 2011"]
[Source "ChessBase"]
[SourceDate "2011.11.26"]
[SourceVersion "1"]
[SourceVersionDate "2011.11.26"]
[SourceQuality "1"]

1. e4 b5 2. Bxb5 c6 3. Be2 e5 4. Nf3 Qc7 5. d4 exd4 6. Qxd4 Nf6 7. e5 Nd5 8. c4 Nb4 9. Bd1 c5 10. Qe3 Be7 11. a3 N4c6 12. O-O O-O 13. Nc3 Bb7 14. Nd5 Qd8 15. Bc2 d6 16. Nxe7+ Qxe7 17. Bxh7+ Kh8 18. Ng5 Bc8 19. Qg3 Nxe5 20. Qh4 Ng4 21. Be4+ Nh6 22. Bxa8 Bf5 23. Bd2 Qe2 24. Bc3 f6 25. Bf3 Qe8 26. Rae1 Qg6 27. Ne4 Nd7 28. Qg3 Ng4 29. Bxg4 Bxg4 30. f3 f5 31. fxg4 fxe4 32. Rxf8+ Nxf8 33. Qf4 Ne6 34. Qxe4 1-0

[Event "Edmonton WBX=Tch"]
[Site "Edmonton CAN"]
[Date "2008.12.13"]
[Round "1"]
[White "Porper, Edward"]
[Black "Sasata, Robert"]
[Result "0-1"]
[WhiteElo "2460"]
[BlackElo "2267"]
[PlyCount "78"]
[GameId "2160767910285969"]
[EventDate "2008.12.13"]
[EventType "team"]
[EventRounds "5"]
[EventCountry "CAN"]
[SourceTitle "CBM 127 Extra"]
[Source "ChessBase"]
[SourceDate "2009.01.08"]
[SourceVersion "2"]
[SourceVersionDate "2009.01.28"]
[SourceQuality "1"]

1. d4 Nf6 2. c4 e6 3. Nf3 b6 4. a3 Ba6 5. Qc2 Bb7 6. Nc3 c5 7. d5 exd5 8. cxd5 Nxd5 9. Bg5 f6 10. Nxd5 Bxd5 11. O-O-O Be6 12. Bf4 Nc6 13. e3 Be7 14. Bd3 b5 15. Bxh7 b4 16. Qg6+ Kf8 17. Bh6 Rxh7 18. Qxh7 gxh6 19. Nh4 d5 20. Ng6+ Ke8 21. Nf4 Bf7 22. Nxd5 Bxd5 23. e4 Nd4 24. exd5 bxa3 25. d6 Qxd6 26. Qg8+ Bf8 27. Rhe1+ Kd7 28. Qf7+ Be7 29. bxa3 Rb8 30. Re3 Ne2+ 31. Kc2 Nd4+ 32. Kc1 Rb7 33. g3 Kc8 34. Qa2 f5 35. Rde1 c4 36. Rd1 Bf6 37. Re8+ Kd7 38. Re3 f4 39. Re4 Rb3 0-1

[Event "Edmonton WBX=Tch"]
[Site "Edmonton CAN"]
[Date "2008.12.13"]
[Round "1"]
[White "Purewal, Sardul"]
[Black "Haynes, Nicolas"]
[Result "1/2-1/2"]
[WhiteElo "2081"]
[BlackElo "2148"]
[PlyCount "114"]
[GameId "2160767910285970"]
[EventDate "2008.12.13"]
[EventType "team"]
[EventRounds "5"]
[EventCountry "CAN"]
[SourceTitle "CBM 127 Extra"]
[Source "ChessBase"]
[SourceDate "2009.01.08"]
[SourceVersion "2"]
[SourceVersionDate "2009.01.28"]
[SourceQuality "1"]

1. e4 e5 2. Nf3 Nc6 3. d4 exd4 4. Nxd4 Bc5 5. Be3 Qf6 6. c3 Nge7 7. Bc4 Qg6 8. O-O O-O 9. Nxc6 Qxc6 10. Bxc5 Qxc5 11. Bb3 d6 12. Qd4 Qh5 13. Na3 Kh8 14. f4 Nc6 15. Qf2 Be6 16. Bd1 Bg4 17. Bxg4 Qxg4 18. Nb5 Qd7 19. Rad1 a6 20. Nd4 Rae8 21. Rfe1 Nxd4 22. cxd4 Qa4 23. b3 Qa5 24. e5 dxe5 25. dxe5 Rd8 26. Qc2 h6 27. f5 Rxd1 28. Qxd1 Qc5+ 29. Kh1 Re8 30. Qe2 f6 31. e6 Qxf5 32. e7 Qd7 33. h3 g6 34. Qe4 Kg7 35. Qxb7 Rxe7 36. Rxe7+ Qxe7 37. Qxa6 Qe1+ 38. Kh2 Qe5+ 39. Kh1 h5 40. a4 g5 41. Qd3 g4 42. hxg4 h4 43. Qd7+ Kh6 44. Qd2+ Kg7 45. a5 Qa1+ 46. Kh2 Qe5+ 47. Kg1 Qa1+ 48. Kf2 Qe5 49. a6 Qc5+ 50. Qe3 Qc2+ 51. Kg1 Qd1+ 52. Kh2 Qd6+ 53. Kh3 Qxa6 54. Qe7+ Kg6 55. Qe8+ Kg7 56. Qd7+ Kg6 57. Qe8+ Kg7 1/2-1/2

[Event "Edmonton WBX=Tch"]
[Site "Edmonton CAN"]
[Date "2008.12.13"]
[Round "2"]
[White "Hansen, Eric"]
[Black "Purewal, Sardul"]
[Result "1-0"]
[WhiteElo "2362"]
[BlackElo "2081"]
[PlyCount "75"]
[GameId "2160767910285971"]
[EventDate "2008.12.13"]
[EventType "team"]
[EventRounds "5"]
[EventCountry "CAN"]
[SourceTitle "CBM 127 Extra"]
[Source "ChessBase"]
[SourceDate "2009.01.08"]
[SourceVersion "2"]
[SourceVersionDate "2009.01.28"]
[SourceQuality "1"]

1. e4 c5 2. Nf3 Nc6 3. d4 cxd4 4. Nxd4 Nf6 5. Nc3 d6 6. Bg5 e6 7. Qd2 a6 8. O-O-O Qc7 9. Bxf6 gxf6 10. f4 Bd7 11. Kb1 Nxd4 12. Qxd4 Be7 13. Be2 Bc6 14. f5 h5 15. g4 hxg4 16. fxe6 fxe6 17. Bxg4 Bd7 18. h3 Rc8 19. Rhf1 Qc5 20. Qd2 Qe5 21. Rde1 Rc4 22. a3 Kd8 23. Ne2 Bf8 24. Nf4 Bh6 25. Qe2 Rxc2 26. Nxe6+ Bxe6 27. Qxc2 Bg5 28. Bf5 Re8 29. Qf2 Rh8 30. Qa7 Bxf5 31. exf5 Qc5 32. Qb8+ Qc8 33. Qxd6+ Qd7 34. Qb8+ Qc8 35. Rd1+ Ke7 36. Rfe1+ Kf7 37. Qxc8 Rxc8 38. Rd7+ 1-0

[Event "Edmonton WBX=Tch"]
[Site "Edmonton CAN"]
[Date "2008.12.13"]
[Round "2"]
[White "MacKinnon, Keith"]
[Black "Porper, Edward"]
[Result "0-1"]
[WhiteElo "2076"]
[BlackElo "2460"]
[PlyCount "86"]
[GameId "2160767910285972"]
[EventDate "2008.12.13"]
[EventType "team"]
[EventRounds "5"]
[EventCountry "CAN"]
[SourceTitle "CBM 127 Extra"]
[Source "ChessBase"]
[SourceDate "2009.01.08"]
[SourceVersion "2"]
[SourceVersionDate "2009.01.28"]
[SourceQuality "1"]

1. e4 e5 2. Nf3 d6 3. d4 exd4 4. Nxd4 Nf6 5. Nc3 Be7 6. Be2 O-O 7. O-O Re8 8. Bg5 Nxe4 9. Bxe7 Qxe7 10. Nxe4 Qxe4 11. Bf3 Qe7 12. Re1 Qd8 13. Rxe8+ Qxe8 14. Qe1 Qd8 15. Nb5 Nd7 16. Qa5 Nb6 17. Re1 Bd7 18. Bxb7 Rb8 19. Ba6 Qg5 20. h4 Qf5 21. Qb4 Qxc2 22. Nxa7 Ra8 23. Bb5 Be6 24. Nc6 Rxa2 25. Re2 Qc1+ 26. Kh2 Ra1 27. Qe4 g6 28. Nd8 Bd5 29. Qe8+ Kg7 30. Kg3 g5 31. Qe3 gxh4+ 32. Kxh4 Qh1+ 33. Qh3 Bxg2 34. Qxh1 Rxh1+ 35. Kg3 Bf1 36. Re7 Bxb5 37. Rxf7+ Kg6 38. Rxc7 Nd5 39. Rb7 Bf1 40. f3 Nf6 41. b4 Rh3+ 42. Kf2 Bc4 43. Rc7 Bd5 0-1

[Event "Edmonton WBX=Tch"]
[Site "Edmonton CAN"]
[Date "2008.12.13"]
[Round "2"]
[White "Yearwood, Roy"]
[Black "Sasata, Robert"]
[Result "0-1"]
[WhiteElo "2075"]
[BlackElo "2267"]
[PlyCount "70"]
[GameId "2160767910285973"]
[EventDate "2008.12.13"]
[EventType "team"]
[EventRounds "5"]
[EventCountry "CAN"]
[SourceTitle "CBM 127 Extra"]
[Source "ChessBase"]
[SourceDate "2009.01.08"]
[SourceVersion "2"]
[SourceVersionDate "2009.01.28"]
[SourceQuality "1"]

1. d4 Nf6 2. Nc3 d5 3. Bg5 e6 4. Nf3 Be7 5. Bxf6 gxf6 6. e4 dxe4 7. Nxe4 a6 8. c3 b5 9. Bd3 Bb7 10. a4 Nd7 11. Ned2 Nc5 12. Bc2 Nxa4 13. Bxa4 bxa4 14. Qxa4+ Kf8 15. O-O-O Qd5 16. Qb3 Qb5 17. Ne1 Rg8 18. f3 Rb8 19. Qxb5 axb5 20. g3 c5 21. dxc5 Bxc5 22. Ne4 Be3+ 23. Kc2 Ke7 24. Ng2 Bb6 25. Rhe1 f5 26. Nd2 Rgc8 27. Nh4 Kf6 28. Nb3 b4 29. Nd4 bxc3 30. bxc3 Ra8 31. Nxe6 Bf2 32. Rd6 Bxe1 33. Nc7+ Ke5 34. Rd7 Rxc7 35. Rxc7 Bd5 0-1

[Event "Edmonton WBX=Tch"]
[Site "Edmonton CAN"]
[Date "2008.12.13"]
[Round "3"]
[White "Gardner, Robert"]
[Black "Haynes, Nicolas"]
[Result "1/2-1/2"]
[WhiteElo "2134"]
[BlackElo "2148"]
[PlyCount "56"]
[GameId "2160767910285974"]
[EventDate "2008.12.13"]
[EventType "team"]
[EventRounds "5"]
[EventCountry "CAN"]
[SourceTitle "CBM 127 Extra"]
[Source "ChessBase"]
[SourceDate "2009.01.08"]
[SourceVersion "2"]
[SourceVersionDate "2009.01.28"]
[SourceQuality "1"]

1. f4 Nf6 2. Nf3 g6 3. d3 d5 4. e3 Bg7 5. Be2 O-O 6. O-O c5 7. Nc3 d4 8. Ne4 Nxe4 9. dxe4 Nc6 10. e5 Qb6 11. exd4 cxd4 12. Kh1 Bf5 13. a3 f6 14. Bc4+ Kh8 15. exf6 exf6 16. Nh4 Qc5 17. Nxf5 Qxc4 18. Nxg7 Kxg7 19. f5 Rae8 20. b3 Qe2 21. fxg6 hxg6 22. Bb2 Re4 23. Re1 Qxd1 24. Raxd1 Rfe8 25. Rxe4 Rxe4 26. Kg1 Re2 27. Bxd4 Rxc2 28. Ba1 Kf7 1/2-1/2

[Event "Edmonton WBX=Tch"]
[Site "Edmonton CAN"]
[Date "2008.12.13"]
[Round "3"]
[White "Purewal, Sardul"]
[Black "Yearwood, Roy"]
[Result "0-1"]
[WhiteElo "2081"]
[BlackElo "2075"]
[PlyCount "84"]
[GameId "2160767910285976"]
[EventDate "2008.12.13"]
[EventType "team"]
[EventRounds "5"]
[EventCountry "CAN"]
[SourceTitle "CBM 127 Extra"]
[Source "ChessBase"]
[SourceDate "2009.01.08"]
[SourceVersion "2"]
[SourceVersionDate "2009.01.28"]
[SourceQuality "1"]

1. d4 Nc6 2. e4 d5 3. e5 f6 4. f4 Nh6 5. c3 Bf5 6. Bd3 Qd7 7. Nf3 O-O-O 8. h3 e6 9. Be3 Be4 10. g4 f5 11. g5 Ng8 12. Rg1 Nge7 13. Qe2 Kb8 14. Nbd2 Nc8 15. Nb3 a6 16. O-O-O Nb6 17. Nfd2 Na7 18. Nc5 Qe8 19. Ndb3 Bxd3 20. Nxd3 Nc4 21. Bf2 Qa4 22. Kb1 b6 23. Nd2 Nb5 24. Nxc4 dxc4 25. Nc1 Rd5 26. Qc2 Qa5 27. Ka1 Be7 28. Rg3 Rhd8 29. b3 Na3 30. Qb2 Rb5 31. Be1 Rdd5 32. Rg2 cxb3 33. Nxb3 Qa4 34. Rc1 Nc4 35. Qb1 Ba3 36. Rd1 Ne3 37. Rdd2 Nxg2 38. Rxg2 Qc4 39. Qd1 a5 40. Rc2 a4 41. Nd2 Qd3 42. c4 Qxd4+ 0-1

[Event "Edmonton WBX=Tch"]
[Site "Edmonton CAN"]
[Date "2008.12.13"]
[Round "3"]
[White "Sasata, Robert"]
[Black "Hansen, Eric"]
[Result "1/2-1/2"]
[WhiteElo "2267"]
[BlackElo "2362"]
[PlyCount "61"]
[GameId "2160767910285977"]
[EventDate "2008.12.13"]
[EventType "team"]
[EventRounds "5"]
[EventCountry "CAN"]
[SourceTitle "CBM 127 Extra"]
[Source "ChessBase"]
[SourceDate "2009.01.08"]
[SourceVersion "2"]
[SourceVersionDate "2009.01.28"]
[SourceQuality "1"]

1. d4 Nf6 2. c4 e6 3. Nf3 b6 4. a3 Bb7 5. Nc3 d5 6. cxd5 Nxd5 7. e3 Nd7 8. Bd3 Be7 9. O-O Nxc3 10. bxc3 O-O 11. e4 c5 12. Qe2 Qc7 13. Re1 Rfe8 14. Bd2 Rad8 15. h4 Bd6 16. e5 Be7 17. h5 h6 18. a4 Nf8 19. Be3 Rd5 20. Nd2 Rd7 21. Ne4 Kh8 22. Qd2 Bxe4 23. Bxe4 Red8 24. Qe2 Bg5 25. f4 Bh4 26. Rec1 f5 27. Bf3 Bg3 28. Qa2 Rc8 29. Rab1 Qd8 30. Kf1 Qh4 31. Qd2 1/2-1/2

[Event "Edmonton WBX=Tch"]
[Site "Edmonton CAN"]
[Date "2008.12.14"]
[Round "4"]
[White "Porper, Edward"]
[Black "Gardner, Robert"]
[Result "1/2-1/2"]
[WhiteElo "2460"]
[BlackElo "2134"]
[PlyCount "68"]
[GameId "2160767910285978"]
[EventDate "2008.12.13"]
[EventType "team"]
[EventRounds "5"]
[EventCountry "CAN"]
[SourceTitle "CBM 127 Extra"]
[Source "ChessBase"]
[SourceDate "2009.01.08"]
[SourceVersion "2"]
[SourceVersionDate "2009.01.28"]
[SourceQuality "1"]

1. Nf3 Nf6 2. c4 e6 3. g3 b6 4. Bg2 Bb7 5. O-O Be7 6. Re1 O-O 7. Qc2 d5 8. b3 c5 9. cxd5 Nxd5 10. Nc3 Nc6 11. Nxd5 Qxd5 12. Bb2 Nd4 13. Qd1 Rad8 14. d3 Nxf3+ 15. Bxf3 Qd7 16. Bxb7 Qxb7 17. Qd2 Rd5 18. Qf4 Rfd8 19. Qe4 Qd7 20. Rac1 Bg5 21. Rc2 e5 22. Qf3 f5 23. e4 Rxd3 24. Qxf5 Rd1 25. Rce2 Rxe1+ 26. Rxe1 Qd2 27. Rf1 Qxb2 28. Qxg5 Re8 29. Qf5 Qxa2 30. Qd7 Rf8 31. Qe6+ Kh8 32. Qe7 Kg8 33. Qe6+ Kh8 34. Qe7 Kg8 1/2-1/2